Normal view
MARC view
- تحقيق: الحنفي، أكمل الدين محمد بن محمد البابرتي ؛ تحقيق واخراج احاديث وتعليق: محمد صبحي العايدي ، حمزة محمد البكري
Entry Personal Name
001 - CONTROL NUMBER
- control field: 7976
003 - CONTROL NUMBER IDENTIFIER
- control field: JO-AjAnu
005 - DATE AND TIME OF LATEST TRANSACTION
- control field: 20230606071604.0
008 - FIXED-LENGTH DATA ELEMENTS
- fixed length control field: 230606|| aca||aabn | a|a d
040 ## - CATALOGING SOURCE
- Original cataloging agency: JO-AjAnu
- Transcribing agency: JO-AjAnu
100 ## - HEADING--PERSONAL NAME
- Personal name: تحقيق: الحنفي، أكمل الدين محمد بن محمد البابرتي ؛ تحقيق واخراج احاديث وتعليق: محمد صبحي العايدي ، حمزة محمد البكري
670 ## - SOURCE DATA FOUND
- Source citation: Work cat.: (JO-AjAnu)4119: تحقيق: الحنفي، أكمل الدين محمد بن محمد البابرتي ؛ تحقيق واخراج احاديث وتعليق: محمد صبحي العايدي ، حمزة محمد البكري, author, شرح وصية الإمام ابي حنيفة رضي الله عنه